State of the Art: Compaction of Asphalt Pavements. (Record no. 547762)

000 -LEADER
fixed length control field 00413nam a22001337a 4500
082 ## - DEWEY DECIMAL CLASSIFICATION NUMBER
Classification number 625.85
Author Mark STA.
-- D.
100 ## - MAIN ENTRY--PERSONAL NAME
Personal name Highway Research Board.
9 (RLIN) 20160
245 ## - TITLE STATEMENT
Title State of the Art: Compaction of Asphalt Pavements.
Statement of responsibility, etc. Highway Research Board.
260 ## - PUBLICATION, DISTRIBUTION, ETC.
Place of publication, distribution, etc. Washington.
Name of publisher, distributor, etc. Highway Research Board.
Date of publication, distribution, etc. 1972.
300 ## - PHYSICAL DESCRIPTION
Extent v, 24 p.:
526 ## - STUDY PROGRAM INFORMATION NOTE
Program name 0
Interest level 0
Reading level 0
Title point value 625_850000000000000_STA
650 ## - SUBJECT ADDED ENTRY--TOPICAL TERM
Topical term or geographic name entry element MCE
9 (RLIN) 379
942 ## - ADDED ENTRY ELEMENTS (KOHA)
Source of classification or shelving scheme
Koha item type Book
Holdings
Withdrawn status Lost status Source of classification or shelving scheme Damaged status Not for loan Permanent Location Current Location Date acquired Total Checkouts Full call number Barcode Date last seen Price effective from Koha item type
          Military College of Engineering (MCE) Military College of Engineering (MCE) 08/05/2014   625.85 STA. MCE-43328 08/05/2014 08/05/2014 Book
© 2023 Central Library, National University of Sciences and Technology. All Rights Reserved.